Object-oriented modeling and design (Record no. 106506)

MARC details
000 -LEADER
fixed length control field 00377nam a2200145Ia 4500
008 - FIXED-LENGTH DATA ELEMENTS--GENERAL INFORMATION
fixed length control field 230917s9999||||xx |||||||||||||| ||und||
040 ## - CATALOGING SOURCE
-- 72443
Original cataloging agency VIVEKANANDA LIBRARY
041 ## - Language
-- English
082 ## - DDC NUMBER
Classification number 005.1 R864O
100 ## - MAIN ENTRY--PERSONAL NAME
Personal name Rumbaugh, James
245 #0 - TITLE STATEMENT
Title Object-oriented modeling and design
260 ## - PUBLICATION, DISTRIBUTION, ETC. (IMPRINT)
Place of publication, distribution, etc New Delhi
Name of publisher, distributor, etc Prentice-Hall of India
Date of publication, distribution, etc 2005
300 ## - PHYSICAL DESCRIPTION
Pages xii, 500 p.
942 ## - ADDED ENTRY ELEMENTS (KOHA)
Koha item type Books
Holdings
Withdrawn status Lost status Damaged status Not for loan Location (home branch) Sublocation or collection (holding branch) Shelving location Date acquired Koha issues (times borrowed) Koha full call number Accession No. Koha date last seen Koha item type
        VIVEKANANDA LIBRARY VIVEKANANDA LIBRARY IMSAR Library 27/02/2003   005.1 R864O 192214 17/09/2023 Books
        VIVEKANANDA LIBRARY VIVEKANANDA LIBRARY IMSAR Library 27/02/2003   005.1 R864O 192215 17/09/2023 Books
        VIVEKANANDA LIBRARY VIVEKANANDA LIBRARY UIET Library 27/02/2003   005.1 R864O 229288 17/09/2023 Books
        VIVEKANANDA LIBRARY VIVEKANANDA LIBRARY UIET Library 27/02/2003   005.1 R864O 229289 17/09/2023 Books
        VIVEKANANDA LIBRARY VIVEKANANDA LIBRARY UIET Library 27/02/2003   005.1 R864O 229290 17/09/2023 Books
        VIVEKANANDA LIBRARY VIVEKANANDA LIBRARY UIET Library 27/02/2003   005.1 R864O 236083 17/09/2023 Books
        VIVEKANANDA LIBRARY VIVEKANANDA LIBRARY UIET Library 27/02/2003   005.1 R864O 236084 17/09/2023 Books
        VIVEKANANDA LIBRARY VIVEKANANDA LIBRARY   27/02/2003   005.1 R864O 291141 17/09/2023 Books
        VIVEKANANDA LIBRARY VIVEKANANDA LIBRARY   27/02/2003   005.1 R864O 291142 17/09/2023 Books
© Designed and Maintained by Vivekananda Library, MDU Rohtak